LIBRARY & INFORMATION CENTRE, KCAET, TAVANUR

ONLINE PUBLIC ACCESS CATALOGUE (OPAC)

Feyman lectures on physics vol-1 / (Record no. 7447)

MARC details
000 -LEADER
fixed length control field 00535cam a2200205ua 4500
041 ## - LANGUAGE CODE
Language code of text/sound track or separate title eng
082 ## - DEWEY DECIMAL CLASSIFICATION NUMBER
Classification number 530
Item number FEY/FE
100 ## - MAIN ENTRY--AUTHOR NAME
Personal name Feyman, Richard P .
245 ## - TITLE STATEMENT
Title Feyman lectures on physics vol-1 /
250 ## - EDITION STATEMENT
Edition statement 1 /
260 ## - PUBLICATION, DISTRIBUTION, ETC. (IMPRINT)
Place of publication London :
Name of publisher Addison-Wesley Publishing Company ,
Year of publication 1966.
300 ## - PHYSICAL DESCRIPTION
Number of Pages 326 ; .
700 1# - ADDED ENTRY--PERSONAL NAME
Personal name Leighton, Robert B .
700 1# - ADDED ENTRY--PERSONAL NAME
Personal name Sands, Mathew .
942 ## - ADDED ENTRY ELEMENTS (KOHA)
Koha item type Books
Holdings
Withdrawn status Lost status Damaged status Home library Current library Date acquired Full call number Accession Number Koha item type
      KAUAET KAUAET 07/04/2012 530 9932 Books
free website counter